Music Quiz

Random Music or Billboard Quiz

Am I an 'H' #1 Hit? Quiz Stats

 Plays Quiz not verified by Sporcle

Also try: Am I a #1 'G' Hit?
Challenge
Share
Tweet
Embed
Score 0/11 Timer 02:00
0 Plays Today
% Correct
Help!
91.3%
Happy
86.8%
Heartbreaker
85.9%
Hero
85.3%
Hello
85%
Heaven
81.1%
Happy
79.9%
Honey
75.4%
Human
72.4%
Hypnotize
67.3%
Half-Breed
65.5%

You're not logged in!

Compare scores with friends on all Sporcle quizzes.
Join for Free
OR
Log In

You Might Also Like...

Show Comments

Extras

Top Quizzes Today


Score Distribution

Your Account Isn't Verified!

In order to create a playlist on Sporcle, you need to verify the email address you used during registration. Go to your Sporcle Settings to finish the process.

Report this User

Report this user for behavior that violates our Community Guidelines.

Details: